Loading...
| LEADER | 00493cam a2200145ua 4500 | ||
|---|---|---|---|
| 008 | 101221t2006||||||||||| 00 ||||| c | ||
| 082 | |a 678.2 |b POR | ||
| 245 | 0 | 0 | |a Portrait of the global rubber industry: driving the wheel of the world economy / |
| 260 | |a Kualalampur: |b IRRDB, |c 2006. | ||
| 300 | |a 188p.. | ||
| 362 | 1 | |a 2006. | |
| 650 | 0 | |a Rubber | |
| 942 | |c BK | ||
| 999 | |c 24426 |d 24426 | ||
| 952 | |0 0 |1 0 |4 0 |6 678_200000000000000_PO |7 0 |9 25987 |a KUCL |b KUCL |d 2014-05-23 |l 0 |o 678.2 PO |p 25097 |r 2017-03-09 |w 2014-05-23 |y BK | ||